History of the Photogrammetric Society (Record no. 87566)

MARC details
000 -LEADER
fixed length control field 00428cam a2200181 4500
001 - CONTROL NUMBER
control field D14804
008 - FIXED-LENGTH DATA ELEMENTS--GENERAL INFORMATION
fixed length control field 090401t1971 xxu||||| |||| 00| 0 eng d
035 ## - SYSTEM CONTROL NUMBER
System control number (Sirsi) u18034
041 ## - LANGUAGE CODE
Language code of text/sound track or separate title eng
050 ## - LIBRARY OF CONGRESS CALL NUMBER
Classification number 526.982
100 ## - MAIN ENTRY--PERSONAL NAME
Personal name Lamboit, Paul
245 ## - TITLE STATEMENT
Title History of the Photogrammetric Society
260 ## - PUBLICATION, DISTRIBUTION, ETC.
Name of publisher, distributor, etc. Photogrammetric Society
Date of publication, distribution, etc. 1971
300 ## - PHYSICAL DESCRIPTION
Extent 14 leaves. 30cm
350 ## - PRICE (NR) (BK AM CF MU VM SE) [OBSOLETE]
Price 0
942 ## - ADDED ENTRY ELEMENTS (KOHA)
Suppress in OPAC 0
948 ## - LOCAL PROCESSING INFORMATION (OCLC); SERIES PART DESIGNATOR (RLIN)
c (OCLC) 04/03/1997
Holdings
Withdrawn status Lost status Source of classification or shelving scheme Damaged status Not for loan Home library Current library Shelving location Date acquired Total Checkouts Full call number Barcode Date last seen Copy number Price effective from Koha item type
    Dewey Decimal Classification     London London Basement 19/08/1991   SHELF 202 30004108 06/08/2019 1 06/08/2019 Book